Survivor: Borneo Confessional Count - Statistics

General Stats
  • This quiz has been taken 98 times
  • The average score is 13 of 16
Answer Stats
# of Confessionals Player % Correct
91 Richard Hatch
96%
81 Kelly Wiglesworth
94%
2 Sonja Christopher
93%
63 Sue Hawk
90%
12 B.B Andersen
85%
52 Rudy Boesch
85%
56 Colleen Haskell
84%
54 Gervase Peterson
81%
41 Jenna Lewis
81%
37 Greg Buis
78%
56 Sean Kenniff
76%
12 Dirk Been
75%
32 Gretchen Cordy
74%
17 Ramona Gray
72%
8 Stacy Stillman
71%
22 Joel Klug
66%
No matching quizzes found
Score Distribution
Percent of People with Each Score
Percentile by Number Answered
Your Score History
You have not taken this quiz